01049cam a22002412 450000100060000000300080000600500170001400800410003103500180007204000280009004100080011808200230012611001110014924501360026026001000039630000290049650000570052550400290058265000460061170000530065770000570071071000400076774836BD-RjUL20211209082618.0741018s1962 enk 000 0 eng d aBD-RjUL)75054 aWRMcWRMdOCLdEQObeng aeng 223a579 bMIC 19622 aSociety for General Microbiology.bSymposiumn(12th :d1962 :cRoyal Institution of Great Britain, London)10aMicrobial classification :btwelfth symposium of the Society for General Microbiology /c[edited by G.C. Ainsworth & P.H.A. Sneath] aCambridge :bPublished for the Society for General Microbiology at the University Press,c1962. a483 p. :bill. ;c25 cm. a"Held at the Royal Institution, London, April 1962." aIncludes bibliographies. 0aMicrobiologyxClassificationvCongresses.1 aAinsworth, G. C.q(Geoffrey Clough),d1905-1998.1 aSneath, P. H. A.q(Peter Henry Andrews),d1923-2011.2 aRoyal Institution of Great Britain.